|
|
|
|
| LEADER |
00000nam a2200000 i 4500 |
| 001 |
DIGPAKARIN0016 |
| 003 |
NyNyDIG |
| 006 |
m o d |
| 008 |
200604s2015 pe ob 000 0 spa d |
| 007 |
cr ||||||||||| |
| 020 |
|
|
|z 9786124679360
|
| 020 |
|
|
|z 6124679361
|
| 035 |
|
|
|a (OCoLC)1159235788
|
| 040 |
|
|
|a DGITA
|b eng
|e rda
|e pn
|c DGITA
|
| 043 |
|
|
|a sn-----
|a s-pe---
|
| 050 |
1 |
4 |
|a GR133.P4 ebook
|
| 082 |
0 |
4 |
|a 398.0985
|
| 100 |
1 |
|
|a Espino, Gonzalo,
|d 1956-
|e author.
|
| 245 |
1 |
0 |
|a Literatura oral, literatura de tradición oral /
|c Gonzalo Espino Relucé.
|
| 246 |
3 |
3 |
|a Literatura de tradición oral
|
| 250 |
|
|
|a Tercera edición.
|
| 264 |
|
1 |
|a Lima :
|b Pakarina Ediciones,
|c 2015.
|
| 300 |
|
|
|a 1 online resource.
|
| 336 |
|
|
|a text
|b txt
|2 rdacontent
|
| 337 |
|
|
|a computer
|b c
|2 rdamedia
|
| 338 |
|
|
|a online resource
|b cr
|2 rdacarrier
|
| 347 |
|
|
|a text file
|2 rdaft
|
| 347 |
|
|
|b PDF
|
| 490 |
1 |
|
|a Biblioteca Illa ;
|v no 3
|
| 504 |
|
|
|a Includes bibliographical references.
|
| 588 |
0 |
|
|a Online resource; title from PDF title page (Digitalia, viewed June 4, 2020)
|
| 650 |
|
0 |
|a Folk literature
|x History and criticism.
|
| 650 |
|
0 |
|a Peruvian literature
|x History and criticism.
|
| 650 |
|
0 |
|a Oral tradition
|z Andes Region.
|
| 655 |
|
0 |
|a Electronic books.
|
| 776 |
0 |
8 |
|i Print version:
|a Espino, Gonzalo, 1956-
|t Literatura oral, literatura de tradición oral.
|d Lima : Pakarina Ediciones, 2015
|z 9786124679360
|w (OCoLC)922984176
|
| 791 |
2 |
|
|a Digitalia (Firm),
|e distributor.
|
| 793 |
0 |
|
|g Digitalia eBook Collection:
|a Pakarina Ediciones
|
| 830 |
|
0 |
|a Biblioteca Illa ;
|v no. 3.
|
| 856 |
4 |
0 |
|3 Digitalia Hispánica
|u https://www.digitaliapublishing.com/a/58712/
|
| 910 |
|
|
|a Premium Collection: 2020
|